MDQL
is popping MORE tags! Check the
thread
!
Quizzes
Events
Quiz Creation
Community
Videos
Private Events
Remove Ads
Sign In
Join for FREE
Feedback
Dark Mode
Quiz Categories
Sports
Geography
Music
Movies
Television
Just For Fun
Miscellaneous
History
Literature
Language
Science
Gaming
Entertainment
Religion
Holiday
For Kids
Quiz Lab
Recent
Popular Today
Quiz Kudos Today
Editor Picks
Curator Picks
Quizzes by...
Day
Popularity
Type
Ratings
Length
Year
Community
Subscriptions
Recent Discussions
Orange Saloon
Badges
Playlists
Quests
Create
Leaderboards
Showdown
Live 5
Trivia Bingo
Activity
Puzzle Library
Sporcle Events
Private Events
Virtual Trivia
Globe League
Become a Host
Pub Owners
SporcleCon
Opinionation
Our Games
Videos
Blog
Mobile Apps
Partnerships
Remove Ads and Go Orange
Feedback
Gaming
Video Games
Board Games
Card Games
Pokémon
Mario
Nintendo
Minecraft
Console
Toys
Legend of Zelda
Gaming
Video Games
Board Games
Card Games
Pokémon
Mario
Nintendo
Minecraft
Console
Toys
Legend of Zelda
Random Quiz
Search Sporcle
×
Quiz Lab
Quiz Lab
Gaming
Pokémon
Type in answers that appear in a list
Type in answers that appear in a list
Classic
Best Score? Go Orange.
Pokémon by Pokédex entry (Part 6/7) Stats
Can you name the Pokémon by Pokédex entry (Part 6/7)?
By
GeneralSecura
20m
92 Questions
41 Plays
41 Plays
41 Plays
Comments
Comments
Give Quiz Kudos
Give Quiz Kudos
-
- Ratings
hide this ad
More Info
Forced Order
Answers have to be entered in order
Answers have to be entered in order
Replay
Link that replays current quiz
Next Quiz
Link to next quiz in quiz playlist
You Got
0%
They Got
Avg Score
68%
Avg Friend Score
Upgrade to see
Score Distribution
Jump to the score distribution portion of the page
Score
0/92
Timer
20:00
0
Plays Today
Dex Entry
Pokémon
% Correct
It had been asleep in underground magma ever since it fiercely fought _
_
_
_
_
_
long ago.
Groudon
97.4%
The two minigears that mesh together are predetermined. Each will rebound from other minigears without meshing.
Klink
89.7%
A discarded bug shell that came to life. Peering into the crack on its back is said to steal one's spirit.
Shedinja
84.6%
A legendary Pokémon that is said to live in thunderclouds. It freely controls lightning bolts.
Zapdos
84.6%
It tests everything by touching with its lips, which remember what it likes and dislikes.
Smoochum
84.6%
It bounces constantly, using its tail like a spring. The shock of bouncing keeps its heart beating.
Spoink
84.6%
It lives high among the treetops. It can use its tail as freely and cleverly as its hands.
Aipom
82.1%
Seeing its swinging pendulum can induce sleep in three seconds, even in someone who just woke up.
Hypno
82.1%
It was banished for its violence. It silently gazed upon the old world from the Distortion World.
Giratina
82.1%
Its programming was modified to enable work in alien dimensions. It did not work as planned.
Porygon-Z
82.1%
Its tongue is just like a human's. As a result, it can cleverly mimic human speech.
Chatot
82.1%
Its nine tails are said to be imbued with a mystic power. It can live for a thousand years.
Ninetales
82.1%
Males swing their head plumage to threaten opponents. The females' flying abilities surpass those of the males.
Unfezant
79.5%
It eats the dreams of people and Pokémon. When it eats a pleasant dreams, it expels pink-
colored mist.
Munna
79.5%
It cheers on its friends. If its friends are losing, its body lets off more and more sparks.
Minun
79.5%
It travels across the world to purify polluted water. It moves together with the north wind.
Suicune
79.5%
Suction from its nostrils enables it to stick to cave walls during sleep. It leaves a heart-
shaped mark behind.
Woobat
79.5%
It fights while spinning like a top. The centrifugal force boosts its destructive power by ten.
Hitmontop
79.5%
It shoots the poison spines on its body in all directions. Its round form makes it a poor swimmer.
Qwilfish
79.5%
A man-
made Pokémon created using advanced scientific means. It can move freely in cyberspace.
Porygon
79.5%
Because of the way it floats aimlessly, an old folktale calls it a 'Signpost for Wandering Spirits.'
Drifloon
76.9%
It went ashore after evolving. Its entire body is clad in a sturdy armor.
Armaldo
76.9%
While shining a light and pretending to be a guide, it leeches off the life force of any who follow it.
Litwick
76.9%
Small Pokémon flee from its scary face. It is, however, considered by women to be cute.
Snubbull
76.9%
It is often seen when shooting stars fill the night skies. It's said to arrive riding on a shooting star.
Cleffa
76.9%
It burns coal inside its shell for energy. It blows out black soot if it is endangered.
Torkoal
76.9%
They strengthen their bodies by carrying steel beams. They show off their big muscles to their friends.
Gurdurr
76.9%
Over 300 million years ago, it was feared as the strongest of hunters. It has been modified by Team Plasma.
Genesect
76.9%
Even if it is born where there are no cocooning materials, it somehow always ends up with a cloak.
Burmy
76.9%
This Pokémon appears in legends. In its tail, it has a giant generator that creates electricity.
Zekrom
76.9%
When endangered, it may protect itself by raising its magnetism and drawing iron objects to its body.
Nosepass
74.4%
Dex Entry
Pokémon
% Correct
On sunny days, it lands on beaches to bounce like a ball and play. It spouts water from its nose.
Wailmer
74.4%
A lifelong jungle dweller from 100 million years ago, it would snap obstructing trees with headbutts.
Cranidos
74.4%
The honey it drools from its mouth smells so atrocious, it can curl noses more than a mile away.
Gloom
74.4%
It spins its two tails like a screw to propel itself through water. The tails also slice clinging seaweed.
Buizel
74.4%
If it rampages, it knocks down mountains and buries rivers. Maps must be redrawn afterward.
Tyranitar
74.4%
It has feuded with _
_
_
_
_
_
_
for many generations. Its sharp claws are its biggest weapons.
Zangoose
74.4%
When its belly is full, it becomes too lethargic to even lift a finger, so it is safe to bounce on its belly.
Snorlax
74.4%
When attacked, it escapes by shooting cotton from its body. The cotton serves as a decoy to distract the attacker.
Cottonee
74.4%
It cannot be seen from ground level since it lives far up above the clouds in the ozone layer.
Rayquaza
74.4%
Its fangs rip through sheet iron. It swims at 75 mph and is known as 'The Bully of the Sea.'
Sharpedo
74.4%
Its cries echo inside its hollow body to emerge as beautiful notes for startling and repelling foes.
Chimecho
71.8%
At the center of its body is a red core, which sends mysterious radio signals into the night sky.
Starmie
71.8%
It has a very sensitive nose. It can locate mushrooms, berries, and even hot springs buried under ice.
Swinub
71.8%
When _
_
_
_
_
_
_
flew, people learned the joy and sadness of living. It was the birth of emotions.
Mesprit
71.8%
When it dangles from a tree branch, it looks just like an acorn. It enjoys scaring other Pokémon.
Seedot
71.8%
When they lined up side by side, no foe could break through. They shielded their young in that way.
Bastiodon
69.2%
It loves to match power with big-
bodied Pokémon. It can knock a truck flying with its arm thrusts.
Hariyama
69.2%
When their brains, now divided in two, are thinking the same thoughts, these Pokémon exhibit their maximum power.
Duosion
66.7%
These Pokémon prefer a tidy habitat. They are always sweeping and dusting, using their tails as brooms.
Minccino
66.7%
It loves to lurk inside holes in rocks. It sometimes sprays ink on prey by sticking out only its mouth.
Octillery
66.7%
The sound of its grass flute makes its listeners uneasy. It lives deep in forests.
Nuzleaf
66.7%
It digs into the ground with its tail and makes a mazelike nest. It can fly just a little.
Dunsparce
66.7%
The buds that ring its neck give off a spicy aroma that perks people up.
Bayleef
66.7%
It blows fire through its nose. When it catches a cold, the fire becomes pitch-
black smoke instead.
Tepig
66.7%
Its humped back stores intensely hot magma. In rain, the magma cools, slowing its movement.
Numel
66.7%
It loves the honey of flowers and can locate flower patches that have even tiny amounts of pollen.
Butterfree
64.1%
Its hardy vitality enables it to adapt to any environment. Its pincers will never release prey.
Corphish
64.1%
It loves vengeful emotions and hangs in rows under the eaves of houses where vengeful people live.
Shuppet
64.1%
It releases various pheromones to make the grubs in its body do its bidding while fighting foes.
Vespiquen
64.1%
It lives in caves on the seafloor and creates giant whirlpools every time it moves.
Kingdra
64.1%
Its cries sound like human speech. However, it is impossible to tell what it is trying to say.
Jynx
64.1%
Dex Entry
Pokémon
% Correct
This Pokémon came to the defense of Pokémon that had lost their homes in a war among humans.
Terrakion
64.1%
It can see clearly through walls to track down its prey and seek its lost young.
Luxray
64.1%
They attach themselves to large-
bodied Pokémon and absorb static electricity, which they store in an electric pouch.
Joltik
61.5%
When the heavy rainfall season ends, it is drawn out by warm sunlight to dance in the open.
Bellossom
61.5%
The arm-
twisting punches it throws pulverize even concrete. It rests after three minutes of fighting.
Hitmonchan
61.5%
Extremely cautious, they take shifts to maintain a constant watch of their nest. They feel insecure without a lookout.
Patrat
61.5%
Since a broken tusk will not grow back, they diligently sharpen their tusks on river rocks after they've been fighting.
Fraxure
59%
Its heart beats at a tenfold tempo, so it cannot sit still even for a moment.
Vigoroth
59%
It can swim while towing a large ship. It bashes down foes with a swing of its thick arms.
Swampert
59%
Their fluffy fur absorbs damage, even if they strike foes with a fierce headbutt.
Bouffalant
56.4%
This ominous Pokémon is feared. Through cities it wanders, searching for the spirits of the fallen.
Lampent
56.4%
It can spend all day in water, since it can inhale and store a large volume of air.
Azumarill
56.4%
Its powerful tackles can destroy anything. However, it is too slow witted to help people work.
Rhyhorn
56.4%
The soles of its feet are covered by countless tiny spikes, enabling it to walk on walls and ceilings.
Treecko
56.4%
It emits sound waves of various frequencies from its nose including some powerful enough to destroy rocks.
Swoobat
56.4%
Its mane shines when it discharges electricity. They use their flashing manes to communicate with one another.
Blitzle
53.8%
It can hover in one spot by flapping its wings at high speed. It flits about to guard its territory.
Yanma
53.8%
By vibrating its cheeks, it emits sound waves imperceptible to humans. It uses the rhythm of these sounds to talk.
Tympole
53.8%
It intimidates foes with the heat of its flames. The fire burns more strongly when it readies to fight.
Quilava
53.8%
Its spines provide protection. Its fins and bones are prized as traditional medicine ingredients.
Seadra
53.8%
It can launch a rock held in its hand like a missile by tightening then expanding muscles instantly.
Rhyperior
51.3%
They fly around at high speed, striking with their pointed spears. Even when in trouble, they face opponents bravely.
Escavalier
51.3%
If its body takes on an aura, the weather changes instantly. It is said to live in seas and lakes.
Dragonair
51.3%
Whatever it eats becomes fuel for the flame in its stomach. When it is angered, the intensity of the flame increases.
Pignite
48.7%
It converses with others by using magnetic pulses. In a swarm, they move in perfect unison.
Beldum
48.7%
Ill tempered, it fights by swinging its barbed tail around wildly. The leaf growing on its head is very bitter.
Simisage
46.2%
Since they prefer moist, nutrient-
rich soil, the areas where _
_
_
_
_
_
_
live are known to be good for growing plants.
Petilil
43.6%
Possessing a sturdy build, it takes pride in its strength, taking down foes without using toxins.
Drapion
43.6%
It is born with a wondrous power that lets it bond with any kind of Pokémon.
Manaphy
41%
It has the peculiar power of being able to see emotions such as joy and rage in the form of waves.
Riolu
41%
Quiz Playlist
Details
Report
Send in Message
Add To Playlist
More Info:
The given Pokédex entries are from Pokémon Black & White. Each part has different Pokémon in it, so be sure to play them all!
Classic:
Type in answers that appear in a list
Forced Order:
Answers have to be entered in order
Last Updated: Feb 16, 2017
Quiz Scoreboard
CHALLENGE
Sign Up to Join the Scoreboard
Show All
Scores
Hide
Comments
May contain spoilers
Recently Published
Two Season TV Shows II
by 123Four
Television
10m
Image Sorting: Flags VI
by Barbecue
Geography
2m
Find the 'City' Movie
by crazypaving
Movies
60s
More to Explore
Quiz From the Vault
Featured Blog Post
14 Easter Pick-up Lines to Find Eggs With
hide this ad
You Might Also Like...
Tags
Pokémon Quiz
Dex
Entry
Today's Top Quizzes in Gaming
Browse Gaming
hide this ad
Today's Top Quizzes in Pokémon
Browse Pokémon
Top Contributed Quizzes in Gaming
1
League of Legends Pro Players by Career/Team History
2
Destiny 2 exotic weapons by perk icons
3
Genshin Impact Logic Puzzle
4
Genshin murder mystery
5
Dead By Daylight Logic Puzzle
6
4x4 Decades: Video Games
7
Ultimate Genshin Impact Logic Puzzle (up to 4.3)
8
Genshin Impact Logic Puzzle Quiz
9
Overwatch Logic Puzzle
10
Who's on the WWE 2K24 Cover?
Explore More
Trending Topics
Anime
NBA
Crossword
Kpop
Disney
Marvel
Harry Potter
Soccer
Pokémon
Country
Puzzle
Song
WWE
NFL
The Office
hide this ad
More By:
GeneralSecura
Quiz
Plays
Rating
Category
Featured
Created
Ben 10 Alien Species Match
5,971
4.71
Television
Feb 4, 2013
Marvel VS Capcom Characters
4,345
4.73
Gaming
Aug 22, 2011
Pokémon Characters
2,641
4.25
Gaming
Sep 30, 2013
Pokémon of Gym Leaders (Stadium Edition)
2,077
4.71
Gaming
Nov 1, 2011
Name that Digimon
1,819
3.00
Gaming
Mar 19, 2019
Go to Creator's Profile
Score Distribution
Quiz Creator Spotlight
GeneralSecura
Follow
Send a Message
Quizzes Created
-
Created Quiz Play Count
-
More By This Creator
Popular Quizzes Today
1
Find the US States - No Outlines Minefield
2
Colored Red Africa Blitz
3
Find the 'City' Movie
4
5x2 Blitz: Bands
5
The Countries of the World
6
Find the Countries of Europe - No Outlines Minefield
7
Find the US States
8
US States
More Gaming Quizzes
Crash Bandicoot Warped: 1st Chamber Levels
Quiz Lab
Trending Quizzes
Colored Red Europe Blitz I
Colored Red Africa Blitz II
Colored Red Europe Blitz II
Colored Red Africa Blitz III
Colored Red Europe Blitz III
Recently Updated
How Do You Spell That?
pecheneg
Godzilla Movies
pecheneg
Grab Bag: 4-10 Letters
pecheneg
2024 March Madness Bracket
pecheneg
Famous TV Couples
Peacemaker
Champions League XIs: Real Madrid
pecheneg
Largest US Cities 1790-2010
pecheneg
Rides in Walt Disney World
pecheneg
Most Oscar Losses (Acting)
pecheneg
Beyoncé Albums
pecheneg
Trending Topics
Disney
Crossword
NBA
Marvel
Harry Potter
Anime
Kpop
Song
Soccer
The Office
Country
Puzzle
NFL
Pokémon
WWE
Your Account Isn't Verified!
In order to create a playlist on Sporcle, you need to verify the email address you used during registration. Go to your
Sporcle Settings
to finish the process.
Report this User
Report this user for behavior that violates our
Community Guidelines
.
Details:
Send Report
Go to the Sporcle.com Mobile Site →
Comments